000 00558npc a2200217Ia 4500
001 dp1/2-2097 [d000002205]
003 IT-MiCISF
005 20250603200337.0
008 161014s9999||||xx | und||
040 _aIT-MiCISF
_cIT-MiCISF
041 _ait
100 _aSebastiani Lilia
_957572
245 0 _aDonna e pace.
_bUna liberazione che libera
260 _a Milano,
_bPaoline,
_c1994
300 _app. 46
500 _a / donna, valori, chiesa, magistero /
650 _adonna
654 _asaggio
942 _cDD
_2ddc
999 _c206970
_d206970
999 _bsi